Introduction to Sports Medicine (Record no. 85049)

MARC details
000 -LEADER
fixed length control field 00683nam a22001937a 4500
005 - DATE AND TIME OF LATEST TRANSACTION
control field 20140611173358.0
010 ## - LCCN (DPL NO)
LC control number B-504758
020 ## - INTERNATIONAL STANDARD BOOK NUMBER
International Standard Book Number 9788189902773
Terms of availability 895.00
035 ## - SYSTEM CONTROL NUMBER
System control number B-504758
037 ## - SOURCE OF ACQUISITION
Stock number dpl
Source of stock number/acquisition K.K.Pub/Ven
082 ## - DEWEY DECIMAL CLASSIFICATION NUMBER
Classification number 617.1027
100 ## - MAIN ENTRY--PERSONAL NAME
Personal name Shunmuganathan, D
245 ## - TITLE STATEMENT
Title Introduction to Sports Medicine
Statement of responsibility, etc by D.Shunmuganathan
260 ## - PUBLICATION, DISTRIBUTION, ETC. (IMPRINT)
Place of publication, distribution, etc New Delhi
Name of publisher, distributor, etc Sports Educational Technologies
Date of publication, distribution, etc 2012
270 ## - ADDRESS
Address 101/102, 4787/23, Ansari Road, Darya Ganj
City New Delhi
Postal code 110002
300 ## - PHYSICAL DESCRIPTION
Extent 288p.:
Other physical details ill.
Dimensions 21cm(Hb)
942 ## - ADDED ENTRY ELEMENTS (KOHA)
Source of classification or shelving scheme Dewey Decimal Classification
Item type English Books
Classification part 617.1027
Call number suffix SHU
Holdings
Withdrawn status Lost status Not for loan Collection code Home library Current library Date acquired Source of acquisition Cost, normal purchase price Full call number Barcode Copy number Cost, replacement price Koha item type
      Non-fiction Central Library Central Library 11/06/2014 K.K.Pub/BL2983/11.03.2013/172/11.03.2013/20.03.2013 895.00 617.1027 SHU B-504758 1 895.00 English Books

© Delhi Public Library
Hit Counter
free hit counter